| 000 | 01257cam a22003131i 4500 | ||
|---|---|---|---|
| 003 | SA-RiAUC | ||
| 005 | 20260420123345.0 | ||
| 008 | 260419s1952____ua g 00000 ara c | ||
| 040 |
_aSA-JeALM _bara _cSA-RiAUC _erda |
||
| 041 | 1 |
_aara _hund |
|
| 050 | 4 | _bM3822. 1980 | |
| 082 | 0 | 4 |
_a254.1 _qSA-RiAUC |
| 090 |
_a254.1 _bي ا س |
||
| 100 | 1 |
_aياسين، محمود أحمد _eمؤلف. |
|
| 245 | 1 | 0 |
_aحقوق الزوجين في الإسلام / _cمحمود أحمد ياسين ، هذبه وعلق عليه ابراهيم باجس عبدالمجيد. |
| 250 | _aالطبعة الاولى. | ||
| 264 | 1 |
_aالرياض : _bالدار العامية للكتاب الإسلامي، _c1991 |
|
| 300 |
_a64 صفحة ؛ _c20 سم. |
||
| 336 |
_aنص _btxt _2rdacontent _3كتاب |
||
| 337 |
_aبدون وسيط _bn _2rdamedia |
||
| 650 | 7 |
_aالحقوق الزوجية _2aucsh |
|
| 650 | 7 |
_aالزواج (فقه إسلامي) _2aucsh |
|
| 650 | 7 |
_aالأحوال الشخصية للمسلمين _2aucsh |
|
| 650 | 7 |
_aالأسرة في الإسلام _2aucsh |
|
| 700 | 1 |
_aعبدالمجيد، ابراهيم باجس. _eمعلق. |
|
| 942 |
_2ddc _cBOOK _n0 |
||
| 949 |
_aSA-JeALM _d260419 _uosman123 _n1 |
||
| 999 |
_c14856 _d14856 |
||